1160 1421 1321 1511 1389 1520 1615 1293 1859 1914 1664 1193 1194 1440 1166 1836 1064 1708 1544 1111 1004 1677 1495 1744 1022 1192 1267 1849 1680 1384 1118 1173 1476 1569 1098 1953 1312 1722 1600 1161 1124 1309 1740 1854 1447 1265 1457 1749 1319 1952 1998 1520 1535 1117 1709 1757 1633 1225 1223 1793 1317 1235 1496 1706 1301 1233 1563 1609 1996 1232 1005 1538 1054 1011 1843 1948 1862 1934 1166 1173 1298 1767 1159 1959 1102 1861 1180 1747 1162 1512 1562 1164 1642 1782 1737 1276 1361 1896 1419 BCNSPRNW ULIB Ver.6.0+V

เปลี่ยนเป็นภาษาไทย

Change to English
 แสดงรายละเอียดบรรณานุกรม
  กลับหน้าหลัก

Brief Record : Get Marc (ISO 2709) : E-mail record : QR code < ปิดหน้าต่าง
LEADER : 00000nam 2200000uu 4500
001    13399120664
003     ULIB
008    020711s2550 th a 000 0 tha d
020    9742728054
020    9789742728052
050  4 BQ4190^bว111ค
100    ว.วชิรเมธี
245    ธรรมะหลับสบาย /^cว.วชิรเมธี
260    กรุงเทพฯ :^bอมรินทร์,^c2550
300    148 หน้า
650  7 ธรรมะ
945    ^p95^l0^i14474
999    ^aทศพร เกษรทอง
รายการนี้ยังไม่มีแท็ก
คุณยังไม่ได้ล็อกอิน คุณสามารถมีกิจกรรมร่วมกับเว็บไซต์ได้ แต่ต้องล็อกอินก่อน ::
  ล็อกอิน

รายการสื่อสารสนเทศ

ลำดับที่ ประเภท เลขเรียก/บาร์โค้ด สถานที่ สถานะ
1. วิทยาศาสตร์การแพทย์ และสุขภาพ
วิทยาศาสตร์การแพทย์ และสุขภาพ
BQ4190 ว111ค  
  Barcode: 14474
ห้องสมุดวิทยาเขตสวรรค์ประชารักษ์
►หนังสือทั่วไป
บนชั้น

รายการใกล้เคียง
    ผู้แต่ง [ว.วชิรเมธี]

    หัวเรื่อง [ธรรมะ]

BibComment


ยังไม่เคยถูกคอมเมนท์

คอมเมนท์ทรัพยากรรายการนี้
  คอมเมนท์: ธรรมะหลับสบาย วว..


 Copyright 2026. Bcnsprnw @Library